000
00313nam a22001337a 4500
020
_a
0-7214-1621-7
082
_a
823
_b
MUR/R
100
_a
MURRY WILLIAM
245
_a
THE DREAM
_b
READ WITH ME- KEY WORDS READING SCHEME
260
_a
ITALY
_b
UK
300
_a
41
650
_a
ENGLISH SHORT STORY
_z
ITALY
942
_c
BK
999
_c
2341
_d
2341